Letters That Have Helped Me (Record no. 1247754)

MARC details
000 -LEADER
fixed length control field 00491nam a2200193Ia 4500
008 - FIXED-LENGTH DATA ELEMENTS--GENERAL INFORMATION
fixed length control field 151121s9999||||xx |||||||||||||| ||und||
082 ## - DEWEY DECIMAL CLASSIFICATION NUMBER
Classification number 828/Jud
082 ## - DEWEY DECIMAL CLASSIFICATION NUMBER
Item number HNW-66257
100 ## - MAIN ENTRY--PERSONAL NAME
Personal name Judge W। Q।
245 ## - TITLE STATEMENT
Title Letters That Have Helped Me
260 ## - PUBLICATION, DISTRIBUTION, ETC. (IMPRINT)
Name of publisher, distributor, etc The Theosophy Company।
260 ## - PUBLICATION, DISTRIBUTION, ETC. (IMPRINT)
Date of publication, distribution, etc --
300 ## - PHYSICAL DESCRIPTION
Extent 300
600 ## - SUBJECT ADDED ENTRY--PERSONAL NAME
Personal name Judge W। Q।
630 ## - SUBJECT ADDED ENTRY--UNIFORM TITLE
Uniform title Letters That Have Helped Me
700 ## - ADDED ENTRY--PERSONAL NAME
Personal name Judge W। Q।
730 ## - ADDED ENTRY--UNIFORM TITLE
Uniform title Letters That Have Helped Me
942 ## - ADDED ENTRY ELEMENTS (KOHA)
Koha item type Book
Holdings
Withdrawn status Lost status Damaged status Not for loan Home library Current library Date acquired Cost, normal purchase price Total Checkouts Full call number Barcode Date last seen Cost, replacement price Price effective from Koha item type
        Hirachand Nemchand Wachanalaya, Solapur Hirachand Nemchand Wachanalaya, Solapur 11/21/2015 20.00   HNW-66257 HNW-66257 11/21/2015 20.00 11/21/2015 Book